|
|
|
|
| LEADER |
01108nam a2200241 a 4500 |
| 001 |
12865551 |
| 008 |
090621s2002 bg b b 001 0 eng d |
| 010 |
|
|
|a 2002285926
|
| 020 |
|
|
|z 9843114931
|
| 040 |
|
|
|a DLC
|c DLC
|
| 082 |
0 |
0 |
|a 382/.45687/095492
|2 21
|
| 100 |
1 |
|
|a Ahmed, Khandker Habib.
|
| 245 |
1 |
0 |
|a Backward linkage to ready made garments :
|b Bangladesh perspective /
|c Khandker Habib Ahmed.
|
| 260 |
|
|
|a Dhaka :
|b Academic Press and Publishers,
|c 2002.
|
| 300 |
|
|
|a xiii, 266, 8 p. :
|b maps ;
|c 23 cm.
|
| 504 |
|
|
|a Includes bibliographical references (p. 258-265) and index.
|
| 541 |
1 |
|
|e 00011576
|
| 650 |
|
0 |
|a Clothing trade
|z Bangladesh.
|
| 650 |
|
0 |
|a Textile industry
|z Bangladesh.
|
| 852 |
4 |
|
|a Ayesha Abed Library
|j General Shelf.
|
| 999 |
|
|
|c 1813
|d 1813
|
| 952 |
|
|
|0 0
|1 0
|2 ddc
|4 0
|6 382_456870954920000_AHM
|7 0
|9 1661
|a BRACUL
|b BRACUL
|c GEN
|d 2009-06-29
|g 300.00
|l 3
|m 12
|o 382.45687095492 AHM
|p 3010011576
|r 2020-01-12
|s 2019-09-02
|t 1
|v 600.00
|w 2009-06-29
|y BK
|
| 952 |
|
|
|0 0
|1 0
|2 ddc
|4 0
|6 382_456870954920000_AHM
|7 0
|9 14596
|a BRACUL
|b BRACUL
|c GEN
|d 2011-03-12
|l 0
|o 382.45687095492 AHM
|p 3010011575
|r 2011-03-12
|t 2
|w 2011-03-12
|y BK
|